Squid Game en 50 clics (saison 1) - Statistiques

Statistiques générales
  • Ce quiz a été pris 2 081 fois
    143 depuis la dernière actualisation
  • Le résultat moyen est 22 sur 50
Statistiques - réponses
Hint Réponse % Correct
Qui créa les Squid Game dont la première partie eut lieu en 1988 ?
68%
Qui est Abdul Ali (199) ?
66%
Qui gagne Squid Game et se retrouve hors d'une voiture avec une carte bancaire dans la bouche avant de découvrir la somme du jeu sur son compte ?
63%
Qui est Seong Gi-hun (456) ?
62%
Qui donne sa veste à Il-nam (001) pour cacher la trace d'urine que 001 s'est fait en se pissant dessus ?
62%
De qui Abdul Ali sauve la vie lorsqu'il ou elle manqua de chuter juste avant la ligne d'arrivée du 1,2,3 soleil ?
61%
Qui est Kang Sae-byeok (067) ?
61%
Qui est Oh Il-nam (001) ?
60%
Qui fait partie des finalistes mais est gravement blessé(e) au ventre lors de l'explosion du pont ?
59%
Sur le pont en verre, qui se fait enlacer et emporter dans le vide par Han Mi-nyeo (212) ?
59%
Qui joue au machines à pince et gagne un briquet en forme de pistolet (avec l'aide d'un enfant), qu'il ou elle offre à sa fille pour son anniversaire ?
57%
Qui se fait avoir au jeu des billes par Cho Sang-woo (218) en pensant sécuriser son sac de billes (que le 218 a remplacé par des cailloux) ?
57%
Qui, dans les toilettes, sort une capsule de son entrejambe contenant des cigarettes ?
53%
Qui est battu(e) aux billes mais ne meurt pas à l'issue de cette épreuve ?
52%
Avant le jeu, qui percute volontairement Seong Gi-hun (456) à l'hippodrome et lui vole de l'argent ?
50%
Qui explique à son équipe dans l'ascenseur comment se placer au début du tir à la corde pour affaiblir leurs adversaires et gagner ? (Sa stratégie montrera des limites)
50%
Qui copule avec Han Mi-nyeo (212) dans les toilettes à qui il ou elle promet de finir les jeux ensemble ?
50%
Qui conseille au joueur 456 d'utiliser les autres joueurs pour se cacher du détecteur de mouvement de la poupée du 123 soleil ?
50%
Qui est un migrant venu en Corée du Sud avec sa femme et son fils dans l'espoir d'avoir une meilleure vie ?
50%
Qui a l'étoile et utilise son briquet pour chauffer son aiguille et faire fondre le sucre avant de le donner au joueur 101 ?
50%
Qui se retrouve seul(e) pour l'épreuve des billes et est donc exempt de ce jeu (par chance) ?
50%
Qui affronte Jang Deok-su (101) aux billes et se montre arrogant face à lui lorsqu'il mène ?
48%
Qui fait exprès de perdre aux billes car il ou elle n'a aucun objectif et personne ne l'attend à l'extérieur du jeu ?
46%
Qui est Cho Sang-woo (218) ?
45%
Qui découvre, en passant par les bouches d'aération des toilettes, les cercles en train de faire fondre du sucre ?
44%
Qui prête son téléphone, paye à manger et un ticket de bus à un autre joueur à la sortie du jeu ?
44%
Qui est le ou la dernier(e) à voter lors du vote pour l'arrêt du jeu, tranchant ainsi la décision finale ?
43%
Lors de la mise en place des équipes du tir à la corde, qui est dans son coin quand Kang Sae-byeok (067) vient le ou la chercher ?
43%
Lors du jeu des billes, qui finit par perdre en envoyant la bille de son adversaire dans le trou ?
41%
Qui se bat contre son patron et le bouscule contre une machine qui lui broye la main ?
41%
Qui sort de la foule, supplie les cercles en leur promettant de payer ses dettes et prétend avoir un enfant qu'il ou elle n'a pas déclaré à l'état ?
41%
Qui prie Dieu dans l'ascenseur en remerciements après le tir à la corde, créant une tension ?
39%
Qui est Jang Deok-su (101) ?
37%
À qui Jang Deok-su (101) ordonne de choisir les hommes qui lui paraissent les plus forts pour le tir à la corde ?
36%
Qui vote l'arrêt du jeu et en sortant tente de rassembler ses hommes pour les emmener avec lui dans le jeu ? (mais se fait trahir et livrer aux philippins )
35%
Qui a une dette de 650 millions de wons officiellement et de 6 milliard officieusement à cause de contrats internes avant son entrée dans le Squid Game ?
35%
Qui est Han Mi-nyeo (212) ?
35%
Qui est Ji-yeong (240) ?
29%
Qui prend le dossard 14 pour le jeu du pont en verre ?
29%
Qui est le joueur 278 ?
29%
Qui se retrouve au bout de la corde (le plus loin du vide) en tant que joueur fiable lors du tir à la corde ?
29%
Sur le pont, qui se bat et pousse un concurrent dans le vide avant que le joueur 407 le pousse à son tour dans le vide ?
28%
Qui a tué son père (qui avait tué sa mère) et s'est retrouvé(e) en prison avant le Squid Game ?
27%
Pour l'avant dernier jeu (le pont), qui choisit le dossard 9 ?
27%
Qui meurt le ou la première parmi les 10 listés ?
27%
Lors du jeu des billes, qui s'occupe de chercher une règle et propose à son adversaire de tout jouer d'un coup et d'attendre le dernier moment pour jouer ?
23%
Avant l'avant dernier jeu, qui choisit le dossard 15 ?
21%
Qui choisit le dossard numéro 6 pour l'épreuve du pont ?
21%
Qui est le joueur 244 ?
18%
Qui bat le joueur 196 aux billes ?
10%
Aucun quiz correspondant
Distribution des résultats
% des personnes avec chaque résultat
Percentile par nombre de réponses
Votre historique - résultats
Vous n’avez pas pris ce quiz depuis la dernière actualisation